| 000 | 04440nam a22006135i 4500 | ||
|---|---|---|---|
| 001 | 978-3-319-55907-0 | ||
| 003 | DE-He213 | ||
| 005 | 20210118140359.0 | ||
| 007 | cr nn 008mamaa | ||
| 008 | 170323s2017 gw | s |||| 0|eng d | ||
| 020 |
_a9783319559070 _9978-3-319-55907-0 |
||
| 024 | 7 |
_a10.1007/978-3-319-55907-0 _2doi |
|
| 050 | 4 | _aQA76.9.M3 | |
| 072 | 7 |
_aUYZM _2bicssc |
|
| 072 | 7 |
_aBUS083000 _2bisacsh |
|
| 072 | 7 |
_aUYZM _2thema |
|
| 072 | 7 |
_aUKR _2thema |
|
| 082 | 0 | 4 |
_a005.74 _223 |
| 245 | 1 | 0 |
_aAgile Methods _h[electronic resource] : _b7th Brazilian Workshop, WBMA 2016, Curitiba, Brazil, November 7-9, 2016, Revised Selected Papers / _cedited by Tiago Silva da Silva, Bernardo Estácio, Josiane Kroll, Rafaela Mantovani Fontana. |
| 250 | _a1st ed. 2017. | ||
| 264 | 1 |
_aCham : _bSpringer International Publishing : _bImprint: Springer, _c2017. |
|
| 300 |
_aX, 149 p. 28 illus. _bonline resource. |
||
| 336 |
_atext _btxt _2rdacontent |
||
| 337 |
_acomputer _bc _2rdamedia |
||
| 338 |
_aonline resource _bcr _2rdacarrier |
||
| 347 |
_atext file _bPDF _2rda |
||
| 490 | 1 |
_aCommunications in Computer and Information Science, _x1865-0929 ; _v680 |
|
| 505 | 0 | _aAn Empirical Study on the Adoption of Agile Software Development in Public Organizations -- Using Agile Methods in Distributed Software Development Environments -- Gamification Use in Agile Project Management -- Application of Scrum Maturity Model in Softdesign Company -- Modeling in Agile Software Development -- Strategies for Reducing Technical Debt in Agile Teams -- ReTest: Framework for Applying TDD in the Development of Non-deterministic Algorithms -- Validation Board: Invalidating Ideas and Discovering the Problems that Must be Solved -- IBM Design Thinking Software Development Framework -- SimKan: training Kanban practices through stochastic simulation -- Predicting the Unpredictable: Using Monte Carlo Simulation to Predict Project Completion Date -- Scrum Hero: Gamifying the Scrum Framework -- Motivating Factors In Agile and Traditional Software Development Methods -- Quality Assurance in Agile Software Development. | |
| 520 | _aThis book constitutes revised selected papers from the 7th Brazilian Workshop on Agil Methods, WBMA 2016, held in Curitiba, Brazil, in November 2016. The 10 full and 4 short papers presented in this volume were carefully reviewed and selected from 35 submissions. The papers present empirical results and literature reviews on agile implementation in government and distributed environments, design thinking and projects inception, testing and technical debt, motivation and gamification, training, modeling and project management, maturity models and quality assurance. | ||
| 650 | 0 | _aManagement information systems. | |
| 650 | 0 | _aComputer science. | |
| 650 | 0 | _aSoftware engineering. | |
| 650 | 1 | 4 |
_aManagement of Computing and Information Systems. _0http://scigraph.springernature.com/things/product-market-codes/I24067 |
| 650 | 2 | 4 |
_aSoftware Engineering. _0http://scigraph.springernature.com/things/product-market-codes/I14029 |
| 700 | 1 |
_aSilva da Silva, Tiago. _eeditor. _4edt _4http://id.loc.gov/vocabulary/relators/edt |
|
| 700 | 1 |
_aEstácio, Bernardo. _eeditor. _4edt _4http://id.loc.gov/vocabulary/relators/edt |
|
| 700 | 1 |
_aKroll, Josiane. _eeditor. _4edt _4http://id.loc.gov/vocabulary/relators/edt |
|
| 700 | 1 |
_aMantovani Fontana, Rafaela. _eeditor. _4edt _4http://id.loc.gov/vocabulary/relators/edt |
|
| 710 | 2 | _aSpringerLink (Online service) | |
| 773 | 0 | _tSpringer eBooks | |
| 776 | 0 | 8 |
_iPrinted edition: _z9783319559063 |
| 776 | 0 | 8 |
_iPrinted edition: _z9783319559087 |
| 830 | 0 |
_aCommunications in Computer and Information Science, _x1865-0929 ; _v680 |
|
| 856 | 4 | 0 | _uhttps://doi.org/10.1007/978-3-319-55907-0 |
| 912 | _aZDB-2-SCS | ||
| 999 |
_c449738 _d449738 |
||
| 942 | _cEB | ||
| 506 | _aAvailable to subscribing member institutions only. Доступно лише організаціям членам підписки. | ||
| 506 | _fOnline access from local network of NaUOA. | ||
| 506 | _fOnline access with authorization at https://link.springer.com/ | ||
| 506 | _fОнлайн-доступ з локальної мережі НаУОА. | ||
| 506 | _fОнлайн доступ з авторизацією на https://link.springer.com/ | ||